Cronología de la Gaceta Oficial y la Consultoría Jurídica del Poder Ejecutivo (1851-1993) / (Registro nro. 14860)

Detalles MARC
000 -LEADER
fixed length control field 01049nam a2200265 a 4500
001 - CONTROL NUMBER
control field 000005681
003 - CONTROL NUMBER IDENTIFIER
control field DO-SdBPM
005 - DATE AND TIME OF LATEST TRANSACTION
control field 20241112103957.0
008 - FIXED-LENGTH DATA ELEMENTS--GENERAL INFORMATION
fixed length control field 090821s1995 dr 000 0 spa d
040 ## - CATALOGING SOURCE
Original cataloging agency DO-SdBPM
Language of cataloging spa
Transcribing agency BPMSU
082 #4 - DEWEY DECIMAL CLASSIFICATION NUMBER
Classification number 351.05
Item number C947g, 1995
Edition number 22
245 00 - TITLE STATEMENT
Title Cronología de la Gaceta Oficial y la Consultoría Jurídica del Poder Ejecutivo (1851-1993) /
Statement of responsibility, etc. corrección Alejandro Quezada Peña, Isidro Germán ; prólogo Pedro Romero Confesor.
260 ## - PUBLICATION, DISTRIBUTION, ETC. (IMPRINT)
Place of publication, distribution, etc. Santo Domingo :
Name of publisher, distributor, etc. Amigo del Hogar,
Date of publication, distribution, etc. 1993.
300 ## - PHYSICAL DESCRIPTION
Extent 254 p. ;
Dimensions 22 cm.
504 ## - BIBLIOGRAPHY, ETC. NOTE
Bibliography, etc Bibliografia : p. 245-254
590 ## - LOCAL NOTE (RLIN)
Local note Inventariado,2024/VM
650 #4 - SUBJECT ADDED ENTRY--TOPICAL TERM
Topical term or geographic name as entry element Gacetas oficiales
Chronological subdivision 1851-1993
Form subdivision Cronología
650 #4 - SUBJECT ADDED ENTRY--TOPICAL TERM
Topical term or geographic name as entry element Publicaciones oficiales
Geographic subdivision República Dominicana
Chronological subdivision 1851-1883
651 #4 - SUBJECT ADDED ENTRY--GEOGRAPHIC NAME
Geographic name República Dominicana
General subdivision Gaceta oficial
Chronological subdivision 1851-1993
700 1# - ADDED ENTRY--PERSONAL NAME
Personal name Quezada Peña, Alejandro,
Relator term corrección
700 1# - ADDED ENTRY--PERSONAL NAME
Personal name Germán, Isidro,
Relator term corrección
700 1# - ADDED ENTRY--PERSONAL NAME
Personal name Romero Confesor, Pedro,
Relator term prólogo
910 ## - USER-OPTION DATA (OCLC)
User-option data VMateo V. Control de calidad. BPMSU
942 ## - ADDED ENTRY ELEMENTS (KOHA)
Source of classification or shelving scheme Dewey Decimal Classification
Koha item type Libros
Existencias
Withdrawn status Lost status Source of classification or shelving scheme Damaged status Not for loan Collection code Home library Current library Date acquired Total Checkouts Full call number Barcode Date last seen Price effective from Koha item type
    Dewey Decimal Classification     Colección Dominicana Biblioteca Pública Metropolitana Salomé Ureña Biblioteca Pública Metropolitana Salomé Ureña 11/12/2024   BPMSU CD 351.05 C947g, 1995 BPMSU24110023 11/12/2024 11/12/2024 Libros